| 000 | 01198nam a2200337 i 4500 | ||
|---|---|---|---|
| 999 |
_c1948 _d1948 |
||
| 001 | 018706577 | ||
| 003 | Uk | ||
| 005 | 20230220142745.0 | ||
| 008 | 180127s2014 xxuab j b |0|1 0|eng d | ||
| 010 | _a 2013017735 | ||
| 015 |
_aGBC288645 _2bnb |
||
| 016 | 7 |
_a018706577 _2Uk |
|
| 020 |
_a9781467723824 _qpaperback |
||
| 040 |
_aUK-WkNB _beng _cUK-WkNB _dUk _dKH8 _erda |
||
| 042 | _aukblsr | ||
| 082 | 0 | 4 |
_a938 DOE _223 |
| 100 | 1 |
_aDoeden, Matt, _eauthor. |
|
| 245 | 1 | 0 |
_aTools and treasures of Ancient Greece / _cMatt Doeden. |
| 264 | 1 |
_aMinneapolis : _bLerner Publications Company, _c[2014] |
|
| 300 |
_a40 pages : _billustrations (black and white, and colour), maps (colour) ; _c23 cm. |
||
| 336 |
_atext _2rdacontent |
||
| 337 |
_aunmediated _2rdamedia |
||
| 338 |
_avolume _2rdacarrier |
||
| 490 | 1 | _aSearchlight books. What can we learn from early civilizations? | |
| 504 | _aIncludes bibliographical references and index. | ||
| 530 | _aAlso published electronically. | ||
| 651 | 0 |
_aGreece _xCivilization _yTo 146 B.C. _vJuvenile literature. |
|
| 651 | 0 |
_aGreece _vJuvenile literature. |
|
| 830 | 0 |
_aSearchlight books. _pWhat can we learn from early civilizations?. |
|
| 942 |
_2ddc _cNFIC |
||